Heterogeneous Impacts of Macroprudential Policies: Financial Advisors, Regulatory Caps, and Mortgage Risk Working Paper 263

Guardado en:
Detalles Bibliográficos
Autor principal: Cesnak, Martin, 1994-
Otros Autores: Cupak, Andrej, 1988-, Fessler, Pirmin, Klacso, Ján
Formato: Libro
Lenguaje:inglés
Publicado: Wien Oesterreichische Nationalbank 2025
Edición:1st Edition
Materias:
Etiquetas: Agregar Etiqueta
Sin Etiquetas, Sea el primero en etiquetar este registro!

MARC

LEADER 00000nlm a2200000 4500
001 0306916
005 20250210142750.2
022 |a 2310-5321 (Print) 
022 |a 2310-533X (Online) 
041 0 |a eng 
044 |a AT 
245 1 0 |a Heterogeneous Impacts of Macroprudential Policies: Financial Advisors, Regulatory Caps, and Mortgage Risk  |b Working Paper 263  |c Martin Cesnak, Andrej Cupak, Pirmin Fessler, Ján Klacso 
250 |a 1st Edition 
264 1 |a Wien  |b Oesterreichische Nationalbank  |c 2025 
300 |a 71 s. 
610 2 0 |a politika makroprudenciálna 
610 2 0 |a poradcovia finanční 
610 2 0 |a regulácia finančná 
610 2 0 |a riziko úverové 
610 2 0 |a hypotéky 
610 2 0 |a dlžníci 
610 2 0 |a gramotnosť finančná 
100 1 |a Cesnak, Martin, 1994- 
700 1 |a Cupak, Andrej, 1988- 
700 1 |a Fessler, Pirmin 
700 1 |a Klacso, Ján